| 000 | 00601nam a22002177a 4500 | ||
|---|---|---|---|
| 003 | OSt | ||
| 005 | 20140310183035.0 | ||
| 008 | 130219t xxu||||| |||| 00| 0 eng d | ||
| 020 | _a971-7510-3-8 | ||
| 050 |
_aPL 6063 _b.Il27 2004 |
||
| 082 |
_aFIL 959.9092 _b.Il27 2004 |
||
| 245 |
_aSaling-lahing kayumanggi _cIlagan, Christian _bmga bayani, pangulo at sagisag ng Pilipinas |
||
| 260 |
_aQuezon City _bAtlas Pub. _c2004 |
||
| 300 |
_a194 p. _c24 cm. |
||
| 521 | _acollege students | ||
| 526 | _c1210L-1700L | ||
| 541 | _j1 | ||
| 541 | _j2 | ||
| 562 | _e2 | ||
| 942 |
_2lcc _cBK _kFIL |
||
| 999 |
_c18481 _d18481 |
||